Layout Index
| Main Author: | |
|---|---|
| Format: | Book |
| Published: |
Cincinnati :
North light books ,
2001
|
| Subjects: |
MARC
| LEADER | 00000cam a2200000 7i4500 | ||
|---|---|---|---|
| 001 | 0000011619 | ||
| 005 | 20050503.0 | ||
| 020 | |a 1581801467 | ||
| 040 | |a INS | ||
| 090 | 0 | 0 | |a Z246 |b K83 2001 |
| 100 | 1 | |a Krause, Jim | |
| 245 | 1 | 0 | |a Layout Index |c Jim Krause |
| 260 | |a Cincinnati : |b North light books , |c 2001 | ||
| 300 | |a 311p : |b 15cm | ||
| 650 | 0 | 0 | |a Graphic design (typography) |
| 650 | 0 | 0 | |a Layout (printing) |
| 999 | |a 0000011418 |b BOOK |c Open Shelf |e Default branch | ||